| 000 | 00648cam a22002294a 4500 | ||
|---|---|---|---|
| 999 |
_c1711 _d1711 |
||
| 001 | 14196 | ||
| 003 | BD-DhUAP | ||
| 005 | 20200212151815.0 | ||
| 008 | 200212s2009 bg l 001 0 eng | ||
| 040 |
_aBD-DhUAP _cBD-DhUAP _bEng |
||
| 082 |
_223 _a347.052 LIM |
||
| 245 | 1 | 0 |
_aThe Limitation Act : _b(IX of 1908). |
| 250 | _a3rd ed. | ||
| 260 |
_aDhaka : _bDhaka law reports, _cc2009. |
||
| 300 |
_a564 pages ; _c25 cm. |
||
| 500 | _aIncludes index. | ||
| 520 | _aWith latest amendments and up-to-date case laws. | ||
| 650 | 0 |
_aLimitation of actions _zBangladesh. |
|
| 710 | _aDhaka law reports | ||
| 942 |
_2ddc _cBK |
||